[Event "Padova op-B 15th"]
[Site "Padova"]
[Date "2012.12.16"]
[Round "3"]
[White "Rossi, Davide Jr"]
[Black "Simioni, Tiziano"]
[Result "1/2-1/2"]
[WhiteElo "1556"]
[BlackElo "1781"]
[PlyCount "116"]
[EventDate "2012.12.15"]
[EventType "swiss"]
[EventRounds "6"]
[EventCountry "ITA"]
[SourceTitle "EXT 2015"]
[Source "ChessBase"]
[SourceDate "2014.11.20"]
[SourceVersion "1"]
[SourceVersionDate "2014.11.20"]
[SourceQuality "1"]

1. c4 e5 2. Nc3 Nf6 3. d3 h6 4. Nf3 d6 5. g3 Be7 6. Bg2 0-0 7. 0-0 Be6 8. Qb3 Bc8 9. Nh4 Nc6 10. Nf3 Rb8 11. Bd2 Be6 12. Qc2 Qd7 13. a3 Bh3 14. b4 Bxg2 15. Kxg2 a6 16. Qa4 b5 17. cxb5 axb5 18. Nxb5 Nd4 19. Nc3 c6 20. Nxd4 exd4 21. Ne4 Ra8 22. Nxf6+ Bxf6 23. Qc2 Rfc8 24. Rfc1 c5 25. Qd1 Qe6 26. f3 Be7 27. Rc2 Bf8 28. Rca2 c4 29. dxc4 Rxc4 30. Rc2 d5 31. Kf2 g5 32. Rxc4 dxc4 33. Qb1 Bg7 34. Ra2 c3 35. Bc1 Qc4 36. Rc2 Rb8 37. Qa2 Qb5 38. Qb3 Ra8 39. Ra2 Ra4 40. Rc2 Bf8 41. e3 Bg7 42. exd4 Bxd4+ 43. Be3 Bf6 44. Bc5 Ra8 45. Ra2 Rb8 46. Qd5 Rd8 47. Qe4 Re8 48. Qf5 Qc4 49. Rc2 Kg7 50. Be3 Qb3 51. Bc1 Re5 52. Qd3 Rd5 53. Qe2 Bd4+ 54. Kf1 Re5 55. Qd3 Qd5 56. Re2 Rf5 57. Re4 Bf6 58. Qxd5 Rxd5 1/2-1/2

[Event "Padova op-B 7th"]
[Site "Padova"]
[Date "2004.12.12"]
[Round "3"]
[White "Rigo, Caterina"]
[Black "Simioni, Tiziano"]
[Result "1-0"]
[WhiteElo "1667"]
[BlackElo "1763"]
[PlyCount "61"]
[EventDate "2004.12.11"]
[EventType "swiss"]
[EventRounds "6"]
[EventCountry "ITA"]
[SourceTitle "EXT 2023"]
[Source "ChessBase"]
[SourceDate "2022.10.05"]
[SourceVersion "1"]
[SourceVersionDate "2022.10.05"]
[SourceQuality "1"]

1. e4 e6 2. d4 d5 3. e5 Ne7 4. Nf3 Nbc6 5. c3 a6 6. Bf4 Ng6 7. Bg3 Be7 8. Bd3 b5 9. a3 Na5 10. Nbd2 c5 11. b4 Nc4 12. Nxc4 bxc4 13. Bxg6 fxg6 14. bxc5 0-0 15. 0-0 Bd7 16. Rb1 Qa5 17. Rb7 Ba4 18. Qa1 Rae8 19. Rfb1 Bb3 20. Nd2 Bc2 21. R1b6 Bg5 22. Nf3 Rxf3 23. gxf3 Bd2 24. Rb4 Bb3 25. f4 h5 26. h4 Rf8 27. c6 Rc8 28. c7 Rxc7 29. Rxc7 Qxc7 30. Qb2 Bxc3 31. Qxc3 1-0